IT for better rural credit delivery (Record no. 61871)

000 -LEADER
fixed length control field 00404pab a2200169 454500
008 - FIXED-LENGTH DATA ELEMENTS--GENERAL INFORMATION
fixed length control field 180718b2004 xxu||||| |||| 00| 0 eng d
100 ## - MAIN ENTRY--PERSONAL NAME
Personal name Satchidananda, S.S.
245 ## - TITLE STATEMENT
Title IT for better rural credit delivery
260 ## - PUBLICATION, DISTRIBUTION, ETC.
Date of publication, distribution, etc. 2004
300 ## - PHYSICAL DESCRIPTION
Extent p.27-31.
362 ## - DATES OF PUBLICATION AND/OR SEQUENTIAL DESIGNATION
Dates of publication and/or sequential designation Aug
650 ## - SUBJECT ADDED ENTRY--TOPICAL TERM
Topical term or geographic name entry element Information technology
650 ## - SUBJECT ADDED ENTRY--TOPICAL TERM
Topical term or geographic name entry element Credit
700 ## - ADDED ENTRY--PERSONAL NAME
Personal name Srinivasa, Srinatha
773 ## - HOST ITEM ENTRY
Main entry heading Yojana
909 ## -
-- 61871
Holdings
Withdrawn status Lost status Damaged status Not for loan Permanent Location Current Location Date acquired Serial Enumeration / chronology Barcode Date last seen Price effective from Koha item type
        Indian Institute of Public Administration Indian Institute of Public Administration 2018-07-19 Volume no: 48, AR62321 2018-07-19 2018-07-19 Articles

Powered by Koha